| 000 | 00595nam a2200133Ia 4500 | ||
|---|---|---|---|
| 008 | 220615s9999||||xx |||||||||||||| ||und|| | ||
| 022 | _a16648714 | ||
| 100 | _aHeleen A. Slagter||Guido P. H. Band||Michelle W. Voss||Chandramallika Basak | ||
| 245 | 0 | _aEffects of Game and Game-like Training on Neurocognitive Plasticity | |
| 546 | _aEnglish[eng] | ||
| 650 | _aLearning||Brain||transfer||Video Games||Cognition||brain plasticity||cognitive training | ||
| 856 | _uhttp://journal.frontiersin.org/researchtopic/1814/effects-of-game-and-game-like-training-on-neurocognitive-plasticity | ||
| 942 | _cEB | ||
| 999 |
_c17106 _d17106 |
||